00358cam a2200121u 4500082001200000100002400012245004100036250001100077260003900088300004200127650002600169650004100195 a546 TAY1 aTaylor, F. Sherwood10aInorganic and theoretical chemistry  a9th.ed aLondon :bW. Heinemann Ltd.,c1952 axv, 856 p. :bill., plates, diagrs. ; 0aChemistry, Inorganic. 0aChemistry, Physical and theoretical.